00519nam a22001697a 450000500170000001000150001702000230003202000260005503500130008103700130009408200110010710000170011824500870013526000400022227000660026230000210032820100820143814.0 aENG-101064 a8182400333c125.00 a9788182400337c125.00 aEN-84597 bDBAD/PUB a591.51 aSumithra, N. aHuman animal conflicts in the agricultural areas of the Nilgiris /cby N. Sumithra aNew DelhibDhruv Publicationsc2008 a4393/4A, Ist Floor, Ansari Road, DaryaganjbNew Delhie110002 a40p.c21cm (pbk)